| Поле | Название | Значение |
| |
Тип записи |
a |
| |
Библиографический уровень |
m |
| 001 |
Контрольный номер |
RU/SLIB/B/231870005 |
| 005 |
Дата корректировки |
20201206204510.7 |
| 010 |
Индекс ISBN |
__ |
| a |
ISBN |
5-06-004220-0 |
| d |
Цена |
240-00 |
| 100 |
Данные общей обработки |
__ |
| a |
Данные общей обработки |
19030627d2003 |||y0rusy0189 ca |
| 101 |
Язык документа |
0_ |
| a |
Язык текста |
rus |
| c |
Язык оригинала |
rus |
| 102 |
Страна публикации |
__ |
| a |
Страна публикации |
RU |
| 105 |
Кодированные данные (монография) |
__ |
| a |
Кодированные данные (монография) |
a |||||||zy |
| 200 |
Заглавие и сведения об ответственности |
1_ |
| a |
Заглавие |
Общая биология |
| e |
Сведения, относящиеся к заглавию |
учеб. для студентов сред. спец. учеб. заведений |
| f |
Первые сведения об ответственности |
С. Г. Мамонтов, В. Б. Захаров |
| b |
Общее обозначение материала |
Текст |
| 205 |
Сведения об издании |
__ |
| a |
Основные сведения об издании |
Изд. 6-е, стер. |
| 210 |
Выходные данные |
__ |
| a |
Место издания |
М. |
| c |
Издательство |
Высш. шк. |
| d |
Дата издания |
2004 |
| 215 |
Физическое описание |
__ |
| a |
Объем |
316, [3] с. |
| c |
Иллюстрации/тип воспроизводства |
ил. |
| 320 |
Библиография |
__ |
| a |
Библиография |
Библиогр.: с. 307. - Предм. указ.: с. 308-314 |
| 330 |
Аннотация |
__ |
| a |
Аннотация |
Представлен материал по возникновению жизни на Земле, строению клетки, размножению и развитию организмов, основам изменчивости и наследственности. |
| 606 |
Тематические рубрики |
__ |
| a |
Основная рубрика |
Биология |
| 606 |
Тематические рубрики |
__ |
| a |
Основная рубрика |
Общие вопросы биологии |
| 606 |
Тематические рубрики |
__ |
| a |
Основная рубрика |
Жизнь и ее происхождение |
| 606 |
Тематические рубрики |
__ |
| a |
Основная рубрика |
Эволюционная биология |
| 606 |
Тематические рубрики |
__ |
| a |
Основная рубрика |
Биология развития |
| 606 |
Тематические рубрики |
__ |
| a |
Основная рубрика |
Общая генетика |
| 606 |
Тематические рубрики |
__ |
| a |
Основная рубрика |
Общая цитология |
| 606 |
Тематические рубрики |
__ |
| a |
Основная рубрика |
Общая морфология |
| 606 |
Тематические рубрики |
__ |
| a |
Основная рубрика |
Общая гистология |
| 606 |
Тематические рубрики |
__ |
| a |
Основная рубрика |
Молекулярная биология |
| 606 |
Тематические рубрики |
__ |
| a |
Основная рубрика |
Общая биофизика |
| 606 |
Тематические рубрики |
__ |
| a |
Основная рубрика |
Общая биохимия |
| 606 |
Тематические рубрики |
__ |
| a |
Основная рубрика |
Общая физиология |
| 606 |
Тематические рубрики |
__ |
| a |
Основная рубрика |
Иммунология |
| 606 |
Тематические рубрики |
__ |
| a |
Основная рубрика |
Прикладная биология |
| 606 |
Тематические рубрики |
__ |
| a |
Основная рубрика |
Общая систематика |
| 610 |
Ключевые слова |
__ |
| a |
Ключевые слова |
биологические системы; клетки (биология); происхождение жизни; организмы; эволюция жизни; живые организмы; строение организма; онтогенез; размножение организмов; жизнедеятельность; генетическая изменчивость; гены; наследственная изменчивость; селекция; микроэволюция; биогеоценоз; биосфера; экология; ноосфера; бионика |
| 686 |
Индексы других классификаций |
__ |
| a |
Классификационный индекс |
ст28.0я7 |
| 700 |
Автор |
_1 |
| a |
Фамилия |
Мамонтов |
| b |
Имя |
С. Г. |
| g |
Полное личное имя |
Сергей Григорьевич |
| 4 |
Код отношения |
070 |
| 702 |
Вторичная интеллектуальная ответственность |
_1 |
| a |
Фамилия |
Захаров |
| b |
Имя |
В. Б. |
| 4 |
Код отношения |
Автор |
| g |
Полное личное имя |
Владимир Борисович |
| 4 |
Код отношения |
070 |
| 801 |
Источник записи |
_0 |
| a |
Страна |
RU |
| b |
Организация |
Муниципальное бюджетное учреждение культуры "Централизованная библиотечная система" г. Сургут (Центральная городская библиотека им. А. С. Пушкина) |
| c |
Дата составления |
20030627 |
| g |
Правила каталогизации |
КиК/Дорошева |
| 801 |
Источник записи |
_1 |
| a |
Страна |
RU |
| b |
Организация |
Муниципальное бюджетное учреждение культуры "Централизованная библиотечная система" г. Сургут (Центральная городская библиотека им. А. С. Пушкина) |
| c |
Дата составления |
20030627 |
| g |
Правила каталогизации |
КиК/Дорошева |
| 852 |
Данные о местонахождении |
__ |
| j |
Шифр хранения |
ст28.0я7 |
| i |
Авторский знак |
М 22 |
| 901 |
Тип документа |
__ |
| t |
Тип документа |
m |
| 903 |
Характеристики (МАРС) |
__ |
| a |
Дата передачи |
20070508 |
| 969 |
Тип издания |
__ |
| a |
Тип издания |
учебник |
| 990 |
Данные о заказе (DOS) |
__ |
| j |
Количество экземпляров (DOS) |
1 |
| t |
N записи в КСУ для И/У (DOS) |
200705 |